| 000 | 01153nac a22003131u 4500 | ||
|---|---|---|---|
| 999 |
_c1858 _d1858 |
||
| 003 | EG-ScBUE | ||
| 005 | 20210315103913.0 | ||
| 008 | 200219r19791977ncu f b 001 0 eng d | ||
| 020 | _a0807812919 | ||
| 040 |
_aEG-ScBUE _beng _erda _cEG-ScBUE _dEG-ScBUE |
||
| 082 | 0 | 4 |
_a822.309 _bDES _222 |
| 100 | 1 |
_aDessen, Alan C., _d1935- _eauthor. |
|
| 245 | 1 | 0 |
_aElizabethan drama and the viewer's eye / _cby Alan C. Dessen. |
| 250 | _aSecond printing. | ||
| 264 | 1 |
_aChapel Hill : _bThe University of North Carolina Press, _c1979. |
|
| 300 |
_axi, 176 pages ; _c22 cm |
||
| 336 |
_2rdacontent _atext _btxt |
||
| 337 |
_2rdamedia _aunmediated _bn |
||
| 338 |
_2rdacarrier _avolume _bnc |
||
| 504 | _aIncludes bibliographical references and index. | ||
| 600 | 1 | 7 |
_aShakespeare, William, _d1564-1616, _xDramatic production. _2BUEsh |
| 650 | 7 |
_aEnglish drama _yEarly modern and Elizabethan, 1500-1600 _xHistory and criticism. _2BUEsh |
|
| 650 | 7 |
_aTheater _zEngland _xHistory _y16th century. _2BUEsh |
|
| 651 | _2BUEsh | ||
| 653 |
_bHHUUEENN _cMarch2021 |
||
| 655 |
_vReading book _934232 |
||
| 942 |
_cBB _k822.309D475 _2ddc |
||